April Fools Jokes- Click Quiz - Statistics

General Stats
  • This quiz has been taken 20 times
  • The average score is 2 of 5
Answer Stats
Hint Answer % Correct
The Taco Liberty Bell 1996
63%
Big Ben Goes Digital 1980
56%
Mount Edgecumbe Eruption 1974
44%
The Swiss Spaghetti Harvest 1957
38%
The Washing of the Lions 1698
31%
No matching quizzes found
Score Distribution
Percent of People with Each Score
Percentile by Number Answered
Your Score History
You have not taken this quiz